PRINCIPLES OF ECONOMICS (Record no. 9593)

MARC details
000 -LEADER
fixed length control field 00291nam a22001457a 4500
003 - CONTROL NUMBER IDENTIFIER
control field SGT
082 ## - DEWEY DECIMAL CLASSIFICATION NUMBER
Classification number 330,BHU
100 ## - MAIN ENTRY--PERSONAL NAME
Personal name BHUTANI,P.J
245 ## - TITLE STATEMENT
Title PRINCIPLES OF ECONOMICS
250 ## - EDITION STATEMENT
Edition statement 4TH
260 ## - PUBLICATION, DISTRIBUTION, ETC. (IMPRINT)
Place of publication, distribution, etc NEW DELHI
Name of publisher, distributor, etc TAXMAN
Year of Publication 2008
300 ## - PAGE DESCRIPTION
No. of Pages 526
650 ## - SUBJECT ADDED ENTRY--TOPICAL TERM
Topical term or geographic name as entry element ECONOMICS
942 ## - ADDED ENTRY ELEMENTS (KOHA)
Source of classification or shelving scheme Dewey Decimal Classification
Koha item type Books
Holdings
Withdrawn status Lost status Source of classification or shelving scheme Damaged status Not for loan Collection code Home library Current library Shelving location Date acquired Vendor Name Cost, normal purchase price SGTU Bill Number Full call number Accession No. (Barcode) Date last seen Bill Date Koha item type
    Dewey Decimal Classification   Not For Loan LAW SGT Science & Social Sciences Library SGT Science & Social Sciences Library Reference Book 22/07/2016 SATYAM BOOKS 295.00 SGTU 985 330,BHU FL157 22/07/2016 22/01/2014 Books